00788cam a22002417a 4500003000500000005001700005008004100022010001000063011001000073020001500083035001000098040000900108082002200117100002300139245008700162260010300249300002800352500001400380650002300394650002200417700002100439711008600460CHAP20220329141838.0971208d1990 nl ab r 10110 eng d a74711 a75683 a9290810467 a85251 cCHAP04a636.0882bT7 v.2700aStarkey, Pauleed.10aAnimal traction for agricultural developmentc/ ed. by Paul Startey and Adama Faye0 aEde-Wageningen, The Netherlands :bTechnical Centre for Agricultural and Rural Cooperation,c1990. a475 h. :bilus. ; mapas aFotocopia14aAnimales de carga.14aEnergía animal.0 aFaye, Adamaeed.0 aWorkshop of the West Africa Animal Traction Networkn(3 :d1988 :cSaly, Senegal)